000 01067nam a2200289 a 4500
999 _c3078
_d3078
001 015516875
003 UkOxU
005 20231002114753.0
008 011112s2001 enka 001 0 eng d
015 _aGB A1-60107
020 _a0199147353
020 _a9780199147359
035 _aBNB2668.711
035 _a(UkOxU)UkOxUw11506994
040 _cKH8
082 0 _a510 GAU
_221
100 1 _aGaulter, Brian,
_d1943-
_eauthor.
245 1 0 _aFurther pure mathematics /
_cBrian and Mark Gaulter.
260 _aOxford :
_bOxford University Press,
_c2001.
300 _av, 420 p. :
_bill. ;
_c28 cm.
500 _aIncludes index.
520 _aFollowing on from Introducing Pure Mathematics by Smedley and Wiseman, Further Pure Mathematics covers in one volume all the pure mathematics required by students taking further mathematics. It also provides the basics for mathematics encountered in Higher Education.
650 0 _aMathematics
_vTextbooks.
650 0 _aMathematics
_vProblems, exercises, etc.
700 1 _aGaulter, Mark,
_eauthor.
942 _2ddc
_cTR